Werkstoffe : Aufbau und Eigenschaften von Keramik, Metallen, Polymer-und Verbundwerkstoffen /
Gespeichert in:
| 1. Verfasser: | |
|---|---|
| Format: | Buch |
| Sprache: | Deutsch |
| Veröffentlicht: |
Berlin :
Springer Verlag,
1991
|
| Ausgabe: | 5.Aufl. |
| Schlagworte: | |
| Tags: |
Keine Tags, Fügen Sie das erste Tag hinzu!
|
MARC
| LEADER | 00000nam a22000003a 4500 | ||
|---|---|---|---|
| 001 | stu42435 | ||
| 005 | 20150617225720.2 | ||
| 008 | 940405s1991----gw------------------ger-d | ||
| 020 | |a 3-540-53938-7 | ||
| 040 | |a STU |b slo | ||
| 041 | 0 | |a ger | |
| 044 | |a gw | ||
| 080 | |a 620.22 | ||
| 080 | |a 669.017 | ||
| 100 | 1 | |a Hornbogen, Erhard |4 aut | |
| 245 | 1 | |a Werkstoffe : |b Aufbau und Eigenschaften von Keramik, Metallen, Polymer-und Verbundwerkstoffen / |c [aut.]Erhard Hornbogen | |
| 250 | |a 5.Aufl. | ||
| 260 | |a Berlin : |b Springer Verlag, |c 1991 | ||
| 300 | |a 397 s | ||
| 650 | 7 | |a materiály |2 stusub | |
| 650 | 7 | |a náuka |2 stusub | |
| 996 | |b M 27650 |c M*8630-1 |l MMKN |s A |a 24 |w stu42435_0001 | ||